Africa at a turning point? : growth, aid, and and external shocks / (Record no. 514)
[ view plain ]
| 000 -LEADER | |
|---|---|
| fixed length control field | 00847nam a22001937a 4500 |
| 008 - FIXED-LENGTH DATA ELEMENTS--GENERAL INFORMATION | |
| fixed length control field | 120126t xxu||||| |||| 00| 0 eng d |
| 020 ## - INTERNATIONAL STANDARD BOOK NUMBER | |
| International Standard Book Number | 9780821372777 |
| 050 ## - LIBRARY OF CONGRESS CALL NUMBER | |
| Classification number | HC800.A8 |
| 245 ## - TITLE STATEMENT | |
| Title | Africa at a turning point? : growth, aid, and and external shocks / |
| Statement of responsibility, etc. | edited by Delfin S. Go and John Page |
| 260 ## - PUBLICATION, DISTRIBUTION, ETC. | |
| Place of publication, distribution, etc. | Washington, D.C. : |
| Name of publisher, distributor, etc. | World Bank, |
| Date of publication, distribution, etc. | ©2008. |
| 300 ## - PHYSICAL DESCRIPTION | |
| Extent | xxiv, 573 p. : |
| Dimensions | 23cm |
| 505 ## - FORMATTED CONTENTS NOTE | |
| Formatted contents note | Contents: Patterns of long - term growth in sub- saharan Africa -- Aid- Volume, volatility, and macroeconomic management --Managing external shocks. |
| 650 ## - SUBJECT ADDED ENTRY--TOPICAL TERM | |
| Topical term or geographic name entry element | Africa, Sub-Saharan |
| General subdivision | Economic conditions |
| -- | 21st century |
| -- | Statistics. |
| 650 ## - SUBJECT ADDED ENTRY--TOPICAL TERM | |
| Topical term or geographic name entry element | Economic development |
| General subdivision | Africa, Sub-Saharan |
| -- | Statistics. |
| 650 ## - SUBJECT ADDED ENTRY--TOPICAL TERM | |
| Topical term or geographic name entry element | Economic forecasting |
| General subdivision | Africa, Sub-Saharan. |
| 700 ## - ADDED ENTRY--PERSONAL NAME | |
| Personal name | Go, Delfin S., |
| 700 ## - ADDED ENTRY--PERSONAL NAME | |
| Personal name | Page, John, |
| 942 ## - ADDED ENTRY ELEMENTS (KOHA) | |
| Source of classification or shelving scheme | Library of Congress Classification |
| Koha item type | Books |
| Withdrawn status | Lost status | Source of classification or shelving scheme | Damaged status | Not for loan | Home library | Current library | Shelving location | Date acquired | Total Checkouts | Full call number | Barcode | Date last seen | Copy number | Price effective from | Koha item type |
|---|---|---|---|---|---|---|---|---|---|---|---|---|---|---|---|
| Library of Congress Classification | WISCONSIN INTERNATIONAL UNIVERSITY COLLEGE, GHANA - MAIN LIBRARY | WISCONSIN INTERNATIONAL UNIVERSITY COLLEGE, GHANA - MAIN LIBRARY | General Stacks | 26/01/2012 | HC800.A8 | 1026/11 | 26/01/2012 | 1 | 26/01/2012 | Books |
